[Event "African Online-ch Women 2021"]
[Site "Online"]
[Date "2021.02.01"]
[Round "4.2"]
[White "Wafa, Shahenda"]
[Black "Caxita, Esperanca"]
[Result "1-0"]
[WhiteElo "2143"]
[BlackElo "1882"]
[Annotator "TA"]
[PlyCount "83"]
[EventDate "2021.02.01"]
[EventType "swiss"]
[EventCountry "NET"]
[SourceTitle "playchess.com"]
[Source "ChessBase"]
[SourceQuality "1"]

{[%evp 17,83,87,86,66,102,52,44,50,54,41,100,80,102,93,75,106,88,104,94,78,69,69,104,54,126,131,214,204,245,229,221,236,367,368,425,420,374,0,31,0,6,0,18,0,44,35,130,111,150,28,33,0,85,86,885,885,852,841,784,523,785,756,1022,1018,29998,29998,29998,29999]} 1. e4 d5 2. exd5 Qxd5 3. d4 Nf6 4. Nf3 Bg4 5. Be2 e6 6. O-O c6 7. h3 Bh5 8. c4 Qd8 9. Nc3 Be7 10. Be3 {B01: Scandinavian Defence.} O-O 11. Ne5 Bxe2 12. Qxe2 {White is slightly better.} Nbd7 13. Rad1 Qa5 (13... Qc7 $14) 14. Nxd7 $16 Nxd7 {[#]} 15. d5 $146 ({Predecessor:} 15. a3 Nf6 16. Rd3 Rac8 17. Rfd1 Rfe8 18. d5 exd5 19. cxd5 cxd5 20. Nxd5 Nxd5 21. Rxd5 {1-0 (30) Voigt,U (2210)-Winter,K (2247) Gruenheide 1997}) 15... exd5 16. cxd5 Nf6 {[%cal Rf6d5]} 17. d6 Bd8 18. Qc4 Qf5 19. b4 a6 20. Rfe1 Nd7 ({Better is} 20... b5 $1 $14 21. Qd4 (21. Qxc6 Rc8 $17) 21... a5) 21. Bd4 Bg5 (21... a5 $16 {is a better defense.}) 22. Ne4 $18 Bf4 23. Qc3 Rfe8 24. Qf3 g5 (24... Re6 {might work better.} 25. Nc5 {[%mdl 64] Discovered Attack} Rxd6) 25. Nc5 b6 26. Nxd7 Qxd7 27. Qh5 $2 (27. g3 $18) 27... Qxd6 28. Bc3 Qg6 29. Qf3 (29. Rxe8+ {with more complications.} Rxe8 30. Qe2 Kf8 31. Qxa6 Qc2 32. Qd3) 29... Bc7 (29... Bd6 {keeps more tension.} 30. Rxe8+ Rxe8 31. Qg4 Bf8 32. Qd7 Ra8) 30. Bb2 {Qc3! is the strong threat.} (30. g3 {is more complex.} h5 31. Re3 Kf8 32. Rde1 h4 33. Rxe8+ Rxe8 34. Rxe8+ Kxe8 35. Bf6) 30... Rxe1+ (30... h5 {seems wilder.} 31. g3 Rac8 32. a3 Rxe1+ 33. Rxe1 Bd6) 31. Rxe1 {Hoping for Qc3!} Qd6 (31... h5 $14) 32. g3 $40 {[%mdl 1152] White has strong compensation. White is out for blood.} Rf8 {[#]} 33. Qc3 (33. Rc1 $1 $16 {[%cal Rc1c6]} Bd8 34. Rxc6) 33... f6 $11 34. Qc2 Rd8 (34... b5 $11) 35. Qf5 $16 Kg7 {[%mdl 8192] A mistake that costs the game.} (35... Rf8 $16) 36. Qxg5+ $18 Kf7 37. Qh5+ Kg7 38. Qg4+ Kf7 39. Qf5 Kg7 40. Kh2 Qd5 41. Re7+ Kf8 42. Qxf6+ {Weighted Error Value: White=0.37/Black=0.60} 1-0

[Event "African Online-ch Women 2021"]
[Site "Online"]
[Date "2021.02.01"]
[Round "4.3"]
[White "Charinda, Kudzanayi"]
[Black "Moaataz, Ayah"]
[Result "1/2-1/2"]
[WhiteElo "1710"]
[BlackElo "2028"]
[Annotator "TA"]
[PlyCount "228"]
[EventDate "2021.02.01"]
[EventType "swiss"]
[EventCountry "NET"]
[SourceTitle "playchess.com"]
[Source "ChessBase"]
[SourceQuality "1"]

{[%evp 9,228,28,27,6,12,0,12,18,13,6,6,8,24,22,30,21,36,30,44,36,56,58,91,52,56,51,85,57,63,43,104,43,68,73,81,82,95,105,229,105,89,22,26,11,22,27,18,25,32,0,400,50,55,51,266,268,261,261,244,200,180,191,205,175,229,223,229,223,210,212,591,575,595,593,627,620,678,662,680,680,839,847,815,681,635,520,821,769,755,722,756,639,1124,1072,1106,1048,1041,1018,999,992,904,940,918,865,818,809,792,768,795,747,759,756,756,754,747,738,739,0,709,698,612,591,729,690,649,639,765,706,1589,1638,12841,12841,12842,0,933,884,642,0,5808,1852,12841,12840,12843,12843,12845,12845,12845,12846,12847,12844,12845,12845,12845,12846,12846,12847,12847,12847,12847,12846,29996,29997,29998,12838,12838,12839,12846,12846,12848,12848,12849,12849,12850,12850,12850,27991,27991,-28000,-28000,-28000,-28000,-28000,-28000,-28000,-28000,-28000,-28000,-28000,-28000,-28000,-28000,-28000,27994,27990,27990,27989,27989,-28000,-28000,-28000,-28000,-28000,-28000,-28000,-28000,-28000,-28000,-28000,-28000,-28000,-28000,-28000,-28000,-28000,-28000,-28000,-28000,-28000,-28000,-28000,-28000]} 1. e4 c6 2. d4 d5 3. exd5 cxd5 4. Bd3 Nc6 5. c3 Qc7 6. Be3 {B13: Caro-Kann: Exchange Variation and Panov-Botvinnik Attack.} Nf6 7. h3 e5 8. dxe5 {The position is equal.} Nxe5 9. Nf3 Nxd3+ 10. Qxd3 Be7 11. O-O O-O 12. Nbd2 Bd7 {[#]} 13. Bd4 $146 ({Predecessor:} 13. Rfe1 Rfe8 14. Bd4 Bc6 15. Ng5 Ne4 16. Ngxe4 dxe4 17. Nxe4 Qf4 18. Qg3 Qh6 19. Qg4 {1-0 (72) Timofeev,A (2594)-Kim,A (1971) Moscow 2020}) 13... a6 14. Rfe1 $36 {[%mdl 2048] Black is under pressure.} Qd8 15. Ng5 g6 16. Ngf3 Nh5 17. Ne5 Be6 18. Qf3 (18. Ndf3 {with more complications.} Re8 19. Qd2 Qd6 20. Rad1 Nf6 21. Ng5) 18... Ng7 19. g4 Qc8 (19... Bc8 $14) 20. Qe2 (20. Rad1 $16) 20... Bc5 21. Nb3 Bxd4 22. Nxd4 Re8 23. Qf3 h5 (23... Qc7 $16 {is a better defense.}) 24. Nxe6 (24. Re3 $18) 24... Qxe6 $16 25. Nd3 (25. Rad1 $16) 25... Qd6 $11 26. Nf4 Qf6 27. Kg2 hxg4 28. hxg4 d4 29. Rh1 g5 $2 {[%mdl 8192] [#]} (29... dxc3 $11 {and Black stays safe.} 30. Qh3 Nh5 $1 31. Nxh5 gxh5 32. bxc3 Re5) 30. Nd5 $2 (30. Qh3 $1 $18 {[%csl Gh1][%cal Rh3h8]} Qc6+ 31. Kg1) 30... Qxf3+ $14 31. Kxf3 Ne6 $2 (31... Re6 $14) 32. Nf6+ $18 {[%mdl 64] Double Attack} Kg7 33. Nxe8+ Rxe8 {[%mdl 4096] Endgame KRR-KRN} 34. Rae1 dxc3 35. bxc3 Rc8 36. Re3 Rc4 (36... Nf4 $142 37. Rd1 Rc6) 37. Rd1 b5 38. Rd6 Ra4 39. Rd7 {Strongly threatening Rxe6.} Nc5 (39... Kf6 40. Rd2 Nc5) 40. Rc7 Rf4+ 41. Ke2 Ne4 42. f3 Nd6 43. Rc6 Nc4 44. Re4 Rf6 45. Rxf6 Kxf6 {KR-KN} 46. Rd4 Ke6 47. Rd8 a5 (47... Nb6 $142 48. Rb8 Nd7) 48. Rb8 Nd6 49. Kd3 Kd5 50. Ra8 a4 51. Rg8 f6 52. Rf8 Ke5 53. Ke2 Ke6 54. Rb8 Ke5 55. Rb6 Kd5 56. Ra6 Kc5 57. Kd3 Kd5 58. Ra7 Ke6 59. Rc7 Kd5 60. Re7 Nc4 61. Rd7+ Nd6 62. Rh7 Ke5 63. Ra7 $2 (63. Ke2 $18 {Hoping for Re7+.} Ke6 64. Kd3) 63... Kd5 $2 {[%mdl 8192]} (63... Ke6 $11 64. Kd4 Nc4 65. Ra6+ Ke7) 64. Ke3 Nc4+ 65. Kf2 Nd6 66. Rc7 Nc4 67. Kg3 Nd6 68. f4 gxf4+ 69. Kxf4 Ke6 70. Rc5 Ke7 71. Rc7+ (71. g5 $142 fxg5+ 72. Rxg5) 71... Ke6 72. Rc6 Kd7 73. Rc5 $2 ({Better is} 73. Rb6 $18 {Black must now prevent Rb8.} Ke7 74. Ra6) 73... Ke6 $2 {[%mdl 8192]} (73... Ke7 $11 74. Ke3 Kf8) 74. Rh5 (74. Ke3 $142 Kf7 75. Kd4) 74... Ke7 75. g5 fxg5+ 76. Rxg5 Kd7 77. Ke3 Kc6 78. Kd4 Kb6 79. Kd5 Nc4 80. Rg6+ Ka5 81. Kc5 Ne5 82. Rg8 {[%cal Rg8a8]} Nd7+ 83. Kd6 {White wants to mate with Kc6.} Nf6 84. Rh8 {White threatens Kc6 and mate.} Ne4+ 85. Kc6 {[%cal Rh8a8]} Nxc3 86. Kc5 (86. a3 $142 Ne4 87. Ra8#) 86... Ne4+ 87. Kd4 Nd6 88. a3 Kb6 89. Rh6 Kc7 90. Kc5 Nc4 91. Rh7+ Kd8 92. Kxb5 Nxa3+ 93. Kxa4 $4 {[%mdl 8192]} (93. Kc5 Nc2 94. Rh2) 93... Nc4 94. Kb4 Ne5 95. Kb5 Nd7 96. Kc6 Ne5+ 97. Kd5 Ng6 98. Kd6 Ke8 99. Ra7 Kf8 100. Ke6 Kg8 101. Kf6 $4 {[%mdl 8192]} (101. Ra4 Nf8+ 102. Ke7 Kg7 103. Rg4+ Ng6+ 104. Ke6 Kh7 105. Kf6 Nf8 106. Kf7) 101... Nf4 102. Kg5 $4 {[%mdl 8192]} (102. Rg7+ Kf8 103. Rd7 Nh5+ 104. Kg6 Nf4+ 105. Kf5) 102... Ne6+ 103. Kf5 $4 {[%mdl 8192] [#]} (103. Kf6 Nf4 104. Ra8+ Kh7 105. Ra4 Nh5+ 106. Kg5 Ng7 107. Re4 Kg8 108. Kh6) 103... Nf8 $1 {Mate.} 104. Kg4 Ne6 105. Kh4 Nf8 106. Kh5 Ne6 107. Re7 Nd4 108. Kg6 Kf8 109. Kf6 Nc6 110. Rc7 Nd8 111. Rd7 {[#]} Ke8 $1 112. Rc7 Kf8 113. Kg6 Ke8 114. Kf6 Kf8 {[%mdl 32768] What a fight!  Weighted Error Value: White=0.36/Black=0.49. An unexpected result.} 1/2-1/2

[Event "African Online-ch Women 2021"]
[Site "Online"]
[Date "2021.02.01"]
[Round "4.4"]
[White "Rodriguez Guevara, Celia M."]
[Black "Wanjiru, Lucy"]
[Result "1-0"]
[WhiteElo "1849"]
[BlackElo "1623"]
[Annotator "NA RC"]
[PlyCount "95"]
[EventDate "2021.02.01"]
[EventType "swiss"]
[EventCountry "NET"]
[SourceTitle "playchess.com"]
[Source "ChessBase"]
[SourceQuality "1"]
[TimeControl "1500+10"]

1. e4 {[%emt 0:00:00]} e5 {[%emt 0:00:05]} 2. Nf3 {[%emt 0:00:06]} Nc6 {[%emt 0:00:03]} 3. Bc4 {[%emt 0:00:10]} Nf6 {[%emt 0:00:05]} 4. d3 {[%emt 0:00:05]} Bc5 {[%emt 0:00:04]} 5. O-O {[%emt 0:00:19]} d6 {[%emt 0:00:05]} 6. c3 {[%emt 0:00:03]} a6 {[%emt 0:00:07]} 7. Bb3 {[%emt 0:00:02]} h6 {[%emt 0:00:06]} 8. Nbd2 {[%emt 0:00:43]} Bg4 {[%emt 0:00:20]} 9. Re1 {[%emt 0:00:15]} Qd7 {[%emt 0:00:25]} 10. h3 {[%emt 0:00:42]} Bh5 {[%emt 0:00:32]} 11. Nf1 {[%emt 0:00:08]} Bg6 {[%emt 0:00:19]} 12. Ng3 {[%emt 0:00:51]} O-O {[%emt 0:00:05]} 13. Nh4 {[%emt 0:00:55]} Kh7 {[%emt 0:00:49]} 14. Nhf5 {[%emt 0:01:30]} Ne7 {[%emt 0:00:54]} 15. Qf3 {[%emt 0:01:18]} Nxf5 {[%emt 0:02:05]} 16. exf5 {[%emt 0:00:14]} Ng8 {[%emt 0:02:18]} 17. Qe4 {[%emt 0:01:06]} Ne7 {[%emt 0:00:16]} 18. fxg6+ {[%emt 0:00:21]} fxg6 {[%emt 0:00:16]} 19. Be3 {[%emt 0:01:08]} d5 {[%emt 0:00:59]} 20. Qg4 {[%emt 0:00:59]} Qd6 {[%emt 0:02:54]} 21. Bxc5 {[%emt 0:00:19]} Qxc5 {[%emt 0:00:04]} 22. d4 {[%emt 0:00:06]} exd4 {[%emt 0:00:11]} 23. Qxd4 {[%emt 0:00:13]} Qd6 {[%emt 0:00:10]} 24. Rad1 {[%emt 0:00:49]} Rad8 {[%emt 0:00:19]} 25. Qe5 {[%emt 0:01:21]} Rf7 {[%emt 0:03:36]} 26. Qxd6 {[%emt 0:00:36]} Rxd6 {[%emt 0:00:03]} 27. c4 {[%emt 0:00:23]} c6 {[%emt 0:00:19]} 28. cxd5 {[%emt 0:01:04]} cxd5 {[%emt 0:00:10]} 29. Re5 {[%emt 0:01:08]} Rdf6 {[%emt 0:01:22]} 30. f3 {[%emt 0:01:08]} Rb6 {[%emt 0:00:44]} 31. Rde1 {[%emt 0:01:05]} Nc6 {[%emt 0:00:19]} 32. Rxd5 {[%emt 0:00:13]} Rc7 {[%emt 0:00:27]} 33. Rd6 {[%emt 0:00:56]} Rb4 {[%emt 0:00:41]} 34. Bc2 {[%emt 0:00:26]} Ne5 {[%emt 0:00:14]} 35. Bb3 {[%emt 0:01:07]} Nc4 {[%emt 0:01:04]} 36. Rd8 {[%emt 0:01:14]} Rxb3 {[%emt 0:02:46]} 37. axb3 {[%emt 0:00:06]} Nxb2 {[%emt 0:00:02]} 38. Ree8 {[%emt 0:00:23]} g5 {[%emt 0:00:03]} 39. Rc8 {[%emt 0:01:18]} Rd7 {[%emt 0:00:08]} 40. Rcd8 {[%emt 0:00:23]} Rc7 {[%emt 0:00:06]} 41. Rh8+ {[%emt 0:00:03]} Kg6 {[%emt 0:00:02]} 42. Rd6+ {[%emt 0:00:04]} Kf7 {[%emt 0:00:06]} 43. Rhd8 {[%emt 0:00:20]} Rc1+ {[%emt 0:00:09]} 44. Kh2 {[%emt 0:00:05]} a5 {[%emt 0:00:04]} 45. R8d7+ {[%emt 0:00:34]} Kg8 {[%emt 0:00:06]} 46. Rxb7 {[%emt 0:00:05]} a4 {[%emt 0:00:07]} 47. Nf5 {[%emt 0:00:20]} Rc8 {[%emt 0:00:57]} 48. Ne7+ {[%emt 0:00:13]} 1-0

[Event "African Online-ch Women 2021"]
[Site "Online"]
[Date "2021.02.01"]
[Round "4.5"]
[White "Latreche, Khadidja"]
[Black "Shah, Riya"]
[Result "1-0"]
[WhiteElo "1900"]
[BlackElo "1559"]
[Annotator "TA"]
[PlyCount "157"]
[EventDate "2021.02.01"]
[EventType "swiss"]
[EventCountry "NET"]
[SourceTitle "playchess.com"]
[Source "ChessBase"]
[SourceQuality "1"]

{[%evp 11,157,-6,23,6,9,21,35,46,33,33,19,43,35,14,35,15,18,-12,-20,-25,-17,-7,0,-27,0,0,0,-12,1,-36,-26,-20,47,0,20,7,39,0,22,0,116,25,17,-7,120,32,71,66,241,93,197,76,90,50,79,78,103,68,96,87,121,87,89,88,170,174,175,162,180,135,111,51,71,51,41,36,160,0,139,0,6,0,0,-10,-11,-67,-45,-71,-73,-106,-38,-97,-46,-30,-28,-29,-29,-32,-35,-36,11,-19,0,-24,19,24,197,181,169,8,8,0,0,0,0,0,8,8,8,8,0,-183,-193,-177,-8,-147,0,-327,-147,-147,-131,-132,29978,29979,29979,29980,29980,29981,29986,29984,29984,29985,29985,29986,29986,29987,29989,29986]} 1. e4 e5 2. Nf3 Nc6 3. d4 exd4 4. Nxd4 Bc5 5. Nb3 Bb6 6. Nc3 Nge7 (6... Nf6 {keeps more tension.} 7. Bd3 d6 8. O-O Be6 9. Na4 O-O) 7. Qe2 $1 {7.Qe2 scores better than 7.Bg5. C45: Scotch Game.} d6 8. Be3 Be6 9. O-O-O {White is slightly better.} Qd7 10. f3 O-O-O 11. Bxb6 axb6 12. Qf2 {[#]} Bxb3 $146 ({Predecessor:} 12... f6 13. Bb5 Kb8 14. Kb1 Nc8 15. Rhe1 N8a7 16. Bf1 Rhe8 17. h3 Bg8 18. g4 Na5 19. Nxa5 bxa5 {½-½ (46) Ivanov,S (2146)-Ivanov,A (1913) St Petersburg 2014}) 13. cxb3 f5 14. Bb5 fxe4 15. Nxe4 Qf5 16. Bd3 Qf7 17. Rd2 h6 18. Rhd1 Rhf8 19. Kb1 Ne5 20. Bb5 N7c6 21. Nc3 Qh5 (21... Kb8 $11) 22. h3 Qf5+ 23. Ka1 Na7 24. Be2 g5 25. Nd5 {And now Ne7+ would win.} Qf7 (25... Kb8 $11) 26. Qd4 (26. Rc1 $16 c6 27. Nxb6+ (27. Qxb6 Kb8 $14) 27... Kb8 28. b4) 26... Nac6 $11 27. Qe4 Qg6 (27... Kb8 $11 {remains equal.}) 28. Qe3 (28. Qa4 $1 $16 {[%cal Ra4a8]} Kd7 29. Qa3) 28... Rfe8 {Threatening ...Nc4!} 29. Qc3 Qe6 $2 (29... Kb8 $14) 30. Bb5 (30. b4 $18) 30... Rf8 {[#]} (30... Qf7 $16) 31. Re2 (31. Rd4 $1 $18 {[%mdl 512] is more deadly.}) 31... Qf7 $16 32. Re4 Na7 33. Be2 Rfe8 34. Nxb6+ Kb8 35. Nd5 Nec6 36. Rxe8 Rxe8 37. Bc4 {Nf6 is the strong threat.} Qf5 (37... Ne5 $16) 38. Qg7 $18 {[%mdl 64] Double Attack} Rc8 39. Qxh6 Qc2 {[%cal Rc2d1]} 40. Nc3 Qxg2 41. Qh5 (41. Be6 $16) 41... Qg3 42. Qg4 (42. Ne4 {feels hotter.} Qh2 43. Qxg5 Qxh3 44. f4 Nd4 45. a3) 42... Qxg4 43. fxg4 {aiming for Ne4.} Ne5 (43... Re8 $14) 44. Be6 $2 ({White must play} 44. Ne4 $16) 44... Rf8 (44... Rh8 $11 {keeps the balance.}) 45. Bf5 (45. Ne4 $16) 45... Nac6 46. Ne4 Nf3 47. Rf1 Ncd4 48. Rf2 ({White should play} 48. Ng3 $11) 48... d5 {[%mdl 1024] Black has compensation.} 49. Ng3 c6 50. Kb1 Kc7 (50... Rh8 $17 51. Ne2 Rxh3 52. Nxd4 Nxd4) 51. Kc1 (51. Ne2 $15) 51... Kd6 (51... Ra8 $17 52. Bb1 Rh8) 52. Bd3 Re8 {[%cal Re8e1]} 53. Nf5+ Kc5 {[%cal Re8e1]} 54. Nxd4 Nxd4 $11 {[%mdl 4096] Endgame KRB-KRN} 55. Kd2 Re5 56. Rf7 b6 57. Rf6 Re7 (57... b5 {is interesting.} 58. Bg6 b4 59. Rf1 Re7 60. Bb1 Re8) 58. Kc3 {[%csl Gc3][%cal Rb3b4]} Nb5+ $2 (58... Ne2+ $11 {and Black is okay.} 59. Bxe2 Rxe2) 59. Bxb5 $18 Kxb5 {KR-KR} 60. Rf5 $2 (60. a4+ $18 Ka5 61. Kd4 (61. Rxc6 Re3+ 62. Kc2 Rxh3 $16)) 60... Re3+ $11 61. Kd2 Rxh3 62. Rxg5 Rh2+ 63. Kc3 Rh3+ 64. Kd4 Rh2 65. Rg8 Rxb2 66. g5 $2 (66. a4+ $11 Kb4 67. g5) 66... Rxa2 $19 67. g6 {[#]} Rg2 $2 (67... Re2 $1 $19 {White should prevent ...Re4+.} 68. Rf8 Re4+ 69. Kc3 Rg4) 68. g7 {[#]} (68. Ke5 $1 $11 {was the only way to keep the balance.}) 68... Rg4+ ({Better is} 68... Rg5 $1 $17 69. Ke3 c5) 69. Kc3 $2 {[%mdl 8192]} (69. Ke5 $11 {and White stays safe.}) 69... c5 (69... Kc5 $19 70. Kd3 b5) 70. Kc2 Kb4 {Threatens to win with ...Rg2+.} 71. Rb8 b5 $2 {[%mdl 8192]} (71... Rg2+ $17 72. Kd3 Rxg7 73. Rxb6+ Ka5) 72. g8=Q {White mates.} Rxg8 73. Rxg8 c4 74. bxc4 dxc4 {KR-KPP} 75. Rb8 Kc5 76. Kc3 Kc6 77. Kd4 c3 78. Kxc3 Kc5 79. Kb3 {What a fight!  Weighted Error Value: White=0.38/Black=0.43} 1-0

[Event "African Online-ch Women 2021"]
[Site "Online"]
[Date "2021.02.01"]
[Round "4.6"]
[White "Ben Said, Safa"]
[Black "Francis, Onkemetse"]
[Result "0-1"]
[WhiteElo "1577"]
[BlackElo "1798"]
[Annotator "NA RC"]
[PlyCount "170"]
[EventDate "2021.02.01"]
[EventType "swiss"]
[EventCountry "NET"]
[SourceTitle "playchess.com"]
[Source "ChessBase"]
[SourceQuality "1"]
[TimeControl "1500+10"]

1. e4 {[%emt 0:00:00]} d5 {[%emt 0:00:04]} 2. exd5 {[%emt 0:00:07]} Qxd5 {[%emt 0:00:02]} 3. Nc3 {[%emt 0:00:06]} Qa5 {[%emt 0:00:04]} 4. Bc4 {[%emt 0:00:15]} Nf6 {[%emt 0:00:11]} 5. Nf3 {[%emt 0:00:35]} Bg4 {[%emt 0:01:28]} 6. d3 {[%emt 0:01:34]} c6 {[%emt 0:00:13]} 7. Bf4 {[%emt 0:01:11]} e6 {[%emt 0:00:20]} 8. O-O {[%emt 0:00:25]} Qh5 {[%emt 0:04:03]} 9. Ne4 {[%emt 0:01:49]} Nxe4 {[%emt 0:04:22]} 10. dxe4 {[%emt 0:00:06]} Bxf3 {[%emt 0:00:02]} 11. Qxf3 {[%emt 0:01:27]} Qxf3 {[%emt 0:00:05]} 12. gxf3 {[%emt 0:00:03]} Nd7 {[%emt 0:00:03]} 13. Rfd1 {[%emt 0:01:05]} Be7 {[%emt 0:01:35]} 14. Rd2 {[%emt 0:00:35]} O-O-O {[%emt 0:00:27]} 15. Rad1 {[%emt 0:00:40]} Nb6 {[%emt 0:00:10]} 16. Bb3 {[%emt 0:02:27]} Rxd2 {[%emt 0:00:07]} 17. Rxd2 {[%emt 0:00:04]} Rd8 {[%emt 0:00:19]} 18. Rxd8+ {[%emt 0:00:19]} Kxd8 {[%emt 0:00:04]} 19. Be3 {[%emt 0:00:03]} c5 {[%emt 0:00:18]} 20. Kf1 {[%emt 0:00:20]} Kc7 {[%emt 0:00:14]} 21. Ke2 {[%emt 0:00:37]} Kc6 {[%emt 0:00:04]} 22. Kd3 {[%emt 0:01:43]} Nd7 {[%emt 0:00:20]} 23. f4 {[%emt 0:00:12]} b5 {[%emt 0:00:07]} 24. c4 {[%emt 0:00:12]} a6 {[%emt 0:00:10]} 25. Bc2 {[%emt 0:00:18]} g6 {[%emt 0:00:27]} 26. a3 {[%emt 0:01:49]} Bf6 {[%emt 0:00:30]} 27. e5 {[%emt 0:00:37]} Be7 {[%emt 0:00:04]} 28. b3 {[%emt 0:00:36]} Bh4 {[%emt 0:02:27]} 29. Kc3 {[%emt 0:01:51]} Be7 {[%emt 0:00:10]} 30. Be4+ {[%emt 0:00:25]} Kc7 {[%emt 0:00:07]} 31. cxb5 {[%emt 0:00:46]} axb5 {[%emt 0:00:04]} 32. Bd3 {[%emt 0:00:08]} Kc6 {[%emt 0:00:26]} 33. Be4+ {[%emt 0:00:08]} Kc7 {[%emt 0:00:32]} 34. Bd3 {[%emt 0:00:05]} Kb6 {[%emt 0:02:02]} 35. b4 {[%emt 0:00:16]} Nb8 {[%emt 0:00:24]} 36. Be4 {[%emt 0:00:14]} Nd7 {[%emt 0:00:27]} 37. Kb3 {[%emt 0:01:21]} Ka6 {[%emt 0:01:39]} 38. Bc6 {[%emt 0:00:13]} c4+ {[%emt 0:01:33]} 39. Kc3 {[%emt 0:00:11]} Nb6 {[%emt 0:00:03]} 40. Bxb6 {[%emt 0:00:29]} Kxb6 {[%emt 0:00:04]} 41. Be8 {[%emt 0:00:07]} f6 {[%emt 0:00:04]} 42. Bf7 {[%emt 0:00:04]} fxe5 {[%emt 0:00:11]} 43. fxe5 {[%emt 0:00:04]} Bg5 {[%emt 0:00:31]} 44. Bxe6 {[%emt 0:00:16]} Bf4 {[%emt 0:00:04]} 45. h3 {[%emt 0:00:14]} Bxe5+ {[%emt 0:00:03]} 46. Kc2 {[%emt 0:00:04]} g5 {[%emt 0:00:07]} 47. Bg8 {[%emt 0:00:08]} h6 {[%emt 0:00:03]} 48. f3 {[%emt 0:00:24]} Bd4 {[%emt 0:00:17]} 49. Bf7 {[%emt 0:00:07]} Bf2 {[%emt 0:00:13]} 50. Be8 {[%emt 0:00:06]} Be1 {[%emt 0:00:04]} 51. Kd1 {[%emt 0:00:16]} Bc3 {[%emt 0:00:23]} 52. Kc2 {[%emt 0:00:09]} Be5 {[%emt 0:00:06]} 53. a4 {[%emt 0:00:11]} bxa4 {[%emt 0:00:10]} 54. Bxa4 {[%emt 0:00:05]} c3 {[%emt 0:00:23]} 55. Be8 {[%emt 0:00:09]} Kc7 {[%emt 0:00:09]} 56. Bg6 {[%emt 0:00:09]} Kd6 {[%emt 0:00:06]} 57. Kd3 {[%emt 0:00:04]} Ke6 {[%emt 0:00:21]} 58. Kc4 {[%emt 0:00:06]} Kf6 {[%emt 0:00:04]} 59. Be4 {[%emt 0:00:09]} Ke6 {[%emt 0:00:19]} 60. b5 {[%emt 0:00:17]} Kd6 {[%emt 0:00:03]} 61. b6 {[%emt 0:00:04]} h5 {[%emt 0:01:10]} 62. b7 {[%emt 0:00:45]} Kc7 {[%emt 0:00:03]} 63. Kd5 {[%emt 0:00:04]} Bf4 {[%emt 0:00:16]} 64. Ke6 {[%emt 0:00:07]} h4 {[%emt 0:00:03]} 65. Kf5 {[%emt 0:00:12]} Kb6 {[%emt 0:01:16]} 66. Ke6 {[%emt 0:00:10]} Kb5 {[%emt 0:01:04]} 67. Kd7 {[%emt 0:00:06]} Kb4 {[%emt 0:00:03]} 68. Kc8 {[%emt 0:00:11]} Kb3 {[%emt 0:00:02]} 69. b8=Q+ {[%emt 0:00:11]} Bxb8 {[%emt 0:00:03]} 70. Kxb8 {[%emt 0:00:04]} c2 {[%emt 0:00:02]} 71. Bxc2+ {[%emt 0:00:10]} Kxc2 {[%emt 0:00:02]} 72. Kc7 {[%emt 0:00:02]} Kd3 {[%emt 0:00:03]} 73. Kd6 {[%emt 0:00:07]} Ke3 {[%emt 0:00:02]} 74. Ke5 {[%emt 0:00:03]} Kxf3 {[%emt 0:00:02]} 75. Kf5 {[%emt 0:00:03]} g4 {[%emt 0:01:20]} 76. hxg4 {[%emt 0:00:11]} h3 {[%emt 0:00:02]} 77. g5 {[%emt 0:00:04]} h2 {[%emt 0:00:02]} 78. g6 {[%emt 0:00:03]} h1=Q {[%emt 0:00:03]} 79. g7 {[%emt 0:00:03]} Qh7+ {[%emt 0:00:13]} 80. Kf6 {[%emt 0:00:03]} Qg8 {[%emt 0:00:03]} 81. Kg6 {[%emt 0:00:03]} Ke4 {[%emt 0:00:03]} 82. Kf6 {[%emt 0:00:06]} Kd5 {[%emt 0:00:03]} 83. Kg6 {[%emt 0:00:04]} Ke6 {[%emt 0:00:03]} 84. Kh6 {[%emt 0:00:03]} Kf6 {[%emt 0:00:06]} 85. Kh5 {[%emt 0:00:03]} Qxg7 {[%emt 0:00:02]} 0-1

[Event "African Online-ch Women 2021"]
[Site "Online"]
[Date "2021.02.01"]
[Round "4.7"]
[White "McPherson, Naleli"]
[Black "Miladi, Amen"]
[Result "1-0"]
[WhiteElo "1303"]
[BlackElo "1802"]
[Annotator "NA RC"]
[PlyCount "77"]
[EventDate "2021.02.01"]
[EventType "swiss"]
[EventCountry "NET"]
[SourceTitle "playchess.com"]
[Source "ChessBase"]
[SourceQuality "1"]
[TimeControl "1500+10"]

1. e4 {[%emt 0:00:00]} c5 {[%emt 0:00:05]} 2. c4 {[%emt 0:00:22]} Nc6 {[%emt 0:00:09]} 3. d3 {[%emt 0:00:45]} g6 {[%emt 0:00:12]} 4. Nc3 {[%emt 0:00:17]} Bg7 {[%emt 0:00:06]} 5. Nf3 {[%emt 0:00:43]} d6 {[%emt 0:00:07]} 6. Be2 {[%emt 0:00:13]} a6 {[%emt 0:00:11]} 7. a4 {[%emt 0:00:18]} Nf6 {[%emt 0:00:16]} 8. O-O {[%emt 0:00:29]} O-O {[%emt 0:00:05]} 9. Be3 {[%emt 0:00:31]} h6 {[%emt 0:00:32]} 10. h3 {[%emt 0:04:32]} Ne8 {[%emt 0:01:05]} 11. d4 {[%emt 0:00:42]} cxd4 {[%emt 0:00:55]} 12. Bxd4 {[%emt 0:00:53]} Nxd4 {[%emt 0:00:06]} 13. Nxd4 {[%emt 0:00:10]} Nc7 {[%emt 0:00:44]} 14. f4 {[%emt 0:01:36]} Ne8 {[%emt 0:04:27]} 15. a5 {[%emt 0:00:23]} e5 {[%emt 0:01:49]} 16. fxe5 {[%emt 0:00:57]} dxe5 {[%emt 0:00:03]} 17. Nf3 {[%emt 0:00:17]} Qe7 {[%emt 0:00:07]} 18. Nd5 {[%emt 0:00:25]} Qc5+ {[%emt 0:00:04]} 19. Kh1 {[%emt 0:00:20]} Nd6 {[%emt 0:00:11]} 20. b4 {[%emt 0:00:41]} Qa7 {[%emt 0:01:26]} 21. Ne7+ {[%emt 0:00:13]} Kh7 {[%emt 0:00:06]} 22. Qxd6 {[%emt 0:00:06]} Be6 {[%emt 0:00:21]} 23. Nd5 {[%emt 0:00:41]} Rfd8 {[%emt 0:00:58]} 24. Qc7 {[%emt 0:00:24]} Bxd5 {[%emt 0:01:42]} 25. cxd5 {[%emt 0:00:19]} Qe3 {[%emt 0:00:16]} 26. Rfe1 {[%emt 0:00:44]} Qxe4 {[%emt 0:00:23]} 27. Bxa6 {[%emt 0:00:46]} Qxd5 {[%emt 0:00:18]} 28. Bxb7 {[%emt 0:00:24]} Ra7 {[%emt 0:00:32]} 29. Bxd5 {[%emt 0:00:27]} Rxc7 {[%emt 0:00:03]} 30. Rad1 {[%emt 0:00:37]} Rcd7 {[%emt 0:00:45]} 31. Bb3 {[%emt 0:00:54]} Rxd1 {[%emt 0:00:15]} 32. Rxd1 {[%emt 0:00:25]} Rxd1+ {[%emt 0:00:04]} 33. Bxd1 {[%emt 0:00:06]} e4 {[%emt 0:00:02]} 34. Ng1 {[%emt 0:00:49]} Bc3 {[%emt 0:00:09]} 35. a6 {[%emt 0:00:13]} Bd4 {[%emt 0:00:20]} 36. Ne2 {[%emt 0:00:18]} Ba7 {[%emt 0:00:19]} 37. b5 {[%emt 0:00:31]} Kg7 {[%emt 0:00:21]} 38. Nc3 {[%emt 0:00:22]} Bd4 {[%emt 0:01:06]} 39. Na4 {[%emt 0:00:51]} 1-0